Chigüiro y el baño / (Registro nro. 12334)

Detalles MARC
000 -LIDER
fixed length control field 00617nam a22002297a 4500
001 - NÚMERO DE CONTROL
Identificador de número de control 0011911
003 - IDENTIFICACDOR DE NÚMERO DE CONTROL
control field DO-SdBNP
005 - DATE AND TIME OF LATEST TRANSACTION
control field 20180219133047.0
007 - CAMPOS FIJOS DE DESCRIPCIÓN FÍSICA
fixed length control field 0011911
008 - ELEMENTOS DE LONGITUD FIJA
fixed length control field 161206b 2003 cl||||| |||| 00| 0 spa d
020 ## - ISBN
International Standard Book Number 9580418624
040 ## - FUENTE DE CATALOGACIÓN
Agencia que crea de manera original el registro BPMSU
Idioma de catalogación spa
Agencia que realiza la transcripción BPMSU
100 1# - ASIENTO PRINCIPAL -- NOMBRE PERSONAL
Nombre personal Da Coll, Ivar
245 1# - MENCIÓN DE TITULO
Título Chigüiro y el baño /
Subtítulo Ivar Da Coll
260 ## - PUBLICACIÓN, DISTRIBUCIÓN, ETC. (PIE DE IMPRENTA)
Lugar de publicación, distribución, etc Bogotá, Colombia :
Nombre del editor, distribuidor, etc. Fundalectura,
-- Norma,
Fecha de publicación, distribución, etc 2003.
300 ## - DESCRIPCIÓN FÍSICA
Extensión 28 p. :
Otros detalles físicos il.,
Dimensiones 18 cm.
490 1# - MENCIÓN DE SERIES
Mención de serie Buenas noches
830 #0 - ASIENTO SECUNDARIO DE SERIE--TÍTULO UNIFORME
Título uniforme Buenas noches
942 ## - ADDED ENTRY ELEMENTS (KOHA)
Source of classification or shelving scheme Dewey Decimal Classification
Koha item type Libros
945 ## - INFORMACIÓN DE PROCESAMIENTO LOCAL
Información de procesamiento local Inventariado, 2018/MFF
956 ## - LOCAL ELECTRONIC LOCATION AND ACCESS (OCLC)
Nombre de host BTAVÁREZ
Número de acceso 10
Información de compresión 20161206
Trayectoria 0011911
Existencias
Withdrawn status Lost status Source of classification or shelving scheme Damaged status Not for loan Collection code Home library Current library Date acquired Total Checkouts Barcode Date last seen Price effective from Koha item type
    Dewey Decimal Classification     Colección Infantil General Biblioteca Pública Metropolitana Salomé Ureña Biblioteca Pública Metropolitana Salomé Ureña 12/06/2016   BPMSU16120183 12/06/2016 12/06/2016 Libros